Gaming Quiz

Random Gaming Quiz

Call of duty 6 maps Quiz Stats

 Plays Quiz not verified by Sporcle

Challenge
Share
Tweet
Embed
Score 0/12 Timer 10:00
0 Plays Today
size of map map % Correct
smallrust
79.2%
bigderail
58.3%
mediumfavela
54.2%
medianterminal
50%
bigestate
50%
smallhighrise
50%
bigwasteland
45.8%
smallscrapyard
41.7%
mediumquarry
37.5%
mediumafghan
33.3%
mediuminvasion
29.2%
bigunderpass
12.5%

You're not logged in!

Compare scores with friends on all Sporcle quizzes.
OR
Log In

You Might Also Like...

Show Comments

Extras

Created Aug 7, 2011ReportNominate
Tags:map, size

Top Quizzes Today


Score Distribution

Your Account Isn't Verified!

In order to create a playlist on Sporcle, you need to verify the email address you used during registration. Go to your Sporcle Settings to finish the process.

Report this User

Report this user for behavior that violates our Community Guidelines.

Details: